Formel 1 Weltmeister nach heutigem Punktesystem - Schwere Version - Statistiken

Allgemein
  • Dieses Quiz wurde 258 mal gespielt
    67 seit der letzten Aktualisierung
  • Das Durchschnittsergebnis liegt bei 47 aus 75
Antwortstatistiken
Jahr Nationalität Antwort % Korrekt
1976 Österreich Niki Lauda
97%
2022 Niederlande Max Verstappen
78%
2003 Deutschland Michael Schumacher
78%
2005 Spanien Fernando Alonso
76%
2007 Finnland Kimi Räikkönen
73%
2002 Deutschland Michael Schumacher
73%
2015 Großbritannien Lewis Hamilton
71%
2024 Niederlande Max Verstappen
71%
2016 Deutschland Nico Rosberg
71%
2010 Deutschland Sebastian Vettel
71%
1993 Frankreich Alain Prost
69%
1991 Brasilien Ayrton Senna
69%
2006 Spanien Fernando Alonso
69%
1951 Argentinien Juan Manuel Fangio
69%
2014 Großbritannien Lewis Hamilton
69%
2019 Großbritannien Lewis Hamilton
69%
2023 Niederlande Max Verstappen
69%
2021 Niederlande Max Verstappen
69%
2004 Deutschland Michael Schumacher
69%
2001 Deutschland Michael Schumacher
69%
2011 Deutschland Sebastian Vettel
69%
1953 Italien Alberto Ascari
68%
1990 Brasilien Ayrton Senna
68%
2018 Großbritannien Lewis Hamilton
68%
2017 Großbritannien Lewis Hamilton
68%
2020 Großbritannien Lewis Hamilton
68%
2000 Deutschland Michael Schumacher
68%
1998 Finnland Mika Häkkinen
68%
1977 Österreich Niki Lauda
68%
2012 Deutschland Sebastian Vettel
68%
2013 Deutschland Sebastian Vettel
68%
1985 Frankreich Alain Prost
66%
2009 Großbritannien Jenson Button
66%
1955 Argentinien Juan Manuel Fangio
66%
2008 Großbritannien Lewis Hamilton
66%
1995 Deutschland Michael Schumacher
66%
1975 Österreich Niki Lauda
66%
1989 Frankreich Alain Prost
64%
1984 Frankreich Alain Prost
64%
1986 Frankreich Alain Prost
64%
1988 Frankreich Alain Prost
64%
1997 Kanada Jacques Villeneuve
64%
1957 Argentinien Juan Manuel Fangio
64%
1956 Argentinien Juan Manuel Fangio
64%
1954 Argentinien Juan Manuel Fangio
64%
1992 Großbritannien Nigel Mansell
64%
1952 Italien Alberto Ascari
63%
1996 Großbritannien Damon Hill
61%
1994 Großbritannien Damon Hill
61%
1950 Italien Giuseppe Farina
61%
1974 Brasilien Emerson Fittipaldi
59%
1979 Südafrika Jody Scheckter
59%
1982 Finnland Keke Rosberg
59%
1973 Großbritannien Jackie Stewart
58%
1987 Brasilien Nelson Piquet
58%
1972 Brasilien Emerson Fittipaldi
54%
1965 Großbritannien Jim Clark
54%
1970 Österreich Jochen Rindt
54%
1983 Brasilien Nelson Piquet
54%
1999 Großbritannien Eddie Irvine
53%
1971 Großbritannien Jackie Stewart
53%
1978 USA Mario Andretti
53%
1981 Brasilien Nelson Piquet
53%
1969 Großbritannien Jackie Stewart
51%
1963 Großbritannien Jim Clark
51%
1967 Neuseeland Denny Hulme
49%
1960 Australien Jack Brabham
49%
1962 Großbritannien Graham Hill
47%
1966 Australien Jack Brabham
47%
1958 Großbritannien Mike Hawthorn
46%
1964 Großbritannien Graham Hill
44%
1968 Großbritannien Graham Hill
44%
1959 Australien Jack Brabham
44%
1980 Australien Alan Jones
42%
1961 USA Phil Hill
29%
Keine übereinstimmenden Quizze gefunden
Verteilung der Resultate
Anzahl Personen mit jedem Resultat
Perzentil nach korrekt beantworteten Fragen
Ihre Resultats-Entwicklung
Sie haben dieses Quiz seit der letzten Aktualisierung nicht gespielt